LEADER 01050nam a2200265 a 4500 001 000000137958 003 CaOOAMICUS 005 20140328120917.0 008 140328s2002 it u000 ubita r 020 $a88-04-49864-1 040 $aPUL$bita 100 1 $aZavoli, Sergio,$d1923-$0(OLS)http://pul/name/32027 245 10$aDiario di un cronista :$blungo viaggio nella memoria /$cSergio Zavoli. 260 $aMilano :$bMondadori,$c©2002$aRoma :$bRai-Eri 300 $a638 p. ;$c23 cm 650 4$aGiornalismo$zItalia.$0(OLS)http://pul/subject/23889 850 $aPUL 852 $aPUL$W1$xDP1 Fondo E. Rossi$y115$m7 C 41$j159026$qFondi$B158578$CPULBib$Z2$F158578 $82 941 1 $a1 961 $aDedica autografa dell'A. 996 $6020$a88-04-49864-1$9(OLS)http://pul/number/154955 996 $6245$aDiario di un cronista :$blungo viaggio nella memoria$9(OLS)http://pul/title/174690 996 $6260$aMilano :$bMondadori$9(OLS)http://pul/publisher/50297 996 $6260$aRoma :$bRai-Eri$9(OLS)http://pul/publisher/66364 LEADER 01277nam a2200325 a 4500 001 000000170478 003 CaOOAMICUS 005 20181114101619.0 008 181114s2000 it u000 u ita r 020 $a88-428-0813-X* 032 $aLibriCat 040 $aPUL$bita 041 1 $aita$hfre 100 1 $aTouraine, Alain.$0(OLS)http://pul/name/31895 240 10$aComment sortir du libéralisme?$lItaliano.$0(OLS)http://pul/title/211244 245 10$aCome liberarsi del liberismo /$cAlain Touraine ; traduzione di Roberto Salvadori. 260 $aMilano :$bIl Saggiatore,$c2000. 300 $a157 p. ;$c21 cm. 490 1 $aL'Arco 650 4$aLiberismo.$0(OLS)http://pul/subject/19606 651 4$aFrancia$xPolitica e governo$ySec. XX.$0(OLS)http://pul/subject/14238 700 1 $aSalvadori, Roberto.$0(OLS)http://pul/name/92244 830 2$aL'Arco.$0(OLS)http://pul/title/77666 850 $aPUL 852 $aPUL$W1$xDP1 Fondo De Girolamo$y124$m1 C 18$j37555$qFondi$B198787$CPULBib$Z2$F198787 $81 941 1 $a1 996 $6020$a88-428-0813-X*$9(OLS)http://pul/number/165266 996 $6245$aCome liberarsi del liberismo$9(OLS)http://pul/title/211245 996 $6260$aMilano :$bIl Saggiatore$9(OLS)http://pul/publisher/49408